A Answers Quiz - Geography - Statistics

General Stats
  • This quiz has been taken 931 times
  • The average score is 18 of 25
Answer Stats
Hint Answer % Correct
Biggest river in the world Amazon
96%
Home of Kangaroos and Koalas Australia
96%
Capital is Vienna Austria
96%
Former Russian territory, now US state Alaska
94%
Micronation between Spain and France Andorra
92%
Capital of Turkey Ankara
91%
Arabic word for "God" Allah
89%
Highest mountain range in Europe Alps
89%
Home of the Grand Canyon Arizona
88%
US state whose capital is Little Rock Arkansas
88%
Ocean that Greenland and Iceland lie in Arctic
87%
Country home to the Pampas and Patagonia Argentina
86%
Massive ice-covered lanmass home to Penguins Antarctica
82%
Country whose capital is Baku Azerbaijan
80%
Capital of Ethiopia Addis Ababa
78%
Calgary is this province's largest city Alberta
78%
Scotland's third most populous city Aberdeen
76%
Famous ski town in Colorado Aspen
68%
Autononmous region in Spain whose capital is Sevilla Andalusia
58%
Capital of Turkmenistan Ashgabat
52%
City where University of Michigan is located Ann Arbor
35%
Highest mountain outside of Asia Aconcagua
31%
Germany in Spanish Alemania
31%
German spa town locted on border between Netherlands and Belgium Aachen
25%
Widely accept Maori name for all of New Zealand Aotearoa
14%
No matching quizzes found
Score Distribution
Percent of People with Each Score
Percentile by Number Answered
Your Score History
You have not taken this quiz